| 000 | 00841cam a2200265 a 4500 | ||
|---|---|---|---|
| 005 | 20260322212035.0 | ||
| 008 | data | ||
| 010 | _a 2007929568 | ||
| 020 | _a9781596523708 | ||
| 020 | _a1596523700 | ||
| 040 |
_aDLC _cDLC _dDLC |
||
| 043 | _an-us-az | ||
| 050 | 0 | 0 |
_aF819.T943 _bS65 2007 |
| 082 | 0 | 0 |
_a979.1/776040222 _222 |
| 092 | _a979.1 S65 2007 | ||
| 100 | 1 | _aSpeelman, Mike. | |
| 245 | 1 | 0 |
_aHistoric photos of Tucson / _cMike Speelman. |
| 260 |
_aNashville, Tenn. : _bTurner Pub. Co., _cc2007. |
||
| 300 |
_ax, 204 p. : _bchiefly ill. ; _c26 cm. |
||
| 650 | 0 |
_aHistoric buildings _zTucson _zTucson _vPictorial works. |
|
| 651 | 0 |
_aTucson (Ariz.) _xHistory _vPictorial works. |
|
| 651 | 0 |
_aTucson (Ariz.) _xSocial life and customs _vPictorial works. |
|
| 651 | 0 |
_aTucson (Ariz.) _xBuildings, structures, etc. _vPictorial works. |
|
| 001 | data | ||
| 999 |
_c804 _d804 |
||